00269nam a2200109Ia 4500003000400000008004100004040001600045082001700061245006500078300001100143490000500154GCL140319s9999 xx 000 0 ara d aGCL / cGCL04a614.4bم م10aالمرشد فى مكافحة الافات المنزلية a387 ص a